Activity networks: project planning and control by network models
Salvato in:
| Autore principale: | |
|---|---|
| Natura: | Libro |
| Lingua: | inglese |
| Pubblicazione: |
Nueva York
John Wiley
1977
|
| Serie: | A Wiley-Interscience Publication
|
| Soggetti: | |
| Tags: |
Aggiungi Tag
Nessun Tag, puoi essere il primo ad aggiungerne!!
|
MARC
| LEADER | 00000nam a2200000 a 4500 | ||
|---|---|---|---|
| 001 | UCU6469 | ||
| 003 | CL-VaPUC | ||
| 008 | 960621e19770000US |||||||||||||||||eng|d | ||
| 082 | 0 | 4 | |a 658.403 |b ELM |2 21 |
| 100 | |a Elmaghraby, Salah E |e author |9 364668 | ||
| 245 | 1 | 0 | |a Activity networks: project planning and control by network models |
| 300 | |a 443 p | ||
| 942 | |c BK | ||
| 945 | |d 19960621 00:00:00 |a cmena | ||
| 260 | |a Nueva York |b John Wiley |c 1977 | ||
| 650 | 0 | |a Redes de información |9 230208 | |
| 650 | 0 | |a Gestión |9 260993 | |
| 650 | 0 | |a Toma de decisiones |9 257530 | |
| 650 | 0 | |a Análisis de la información |9 306986 | |
| 650 | 7 | |a TEORIA ESTADISTICA DE LA DECISION |2 CL-VaPUC |9 340488 | |
| 650 | 7 | |a MODELOS DE DECISION |2 CL-VaPUC |9 339654 | |
| 650 | 7 | |a METODOS DE GESTION |2 CL-VaPUC |9 361178 | |
| 650 | 0 | |a Aplicaciones de computadores |9 260401 | |
| 583 | |a last modification |c 19960621 00:00:00 |k Rodrigo Vera | ||
| 490 | 0 | |a A Wiley-Interscience Publication | |
| 999 | |c 249369 |d 249367 | ||
| 952 | |0 0 |1 0 |4 0 |6 658_403000000000000_ELM_1977 |7 0 |8 A |9 266598 |a BIBING |b BIBING |d 2019-11-19 |i 1688332 |o 658.403 ELM 1977 |p 1688332 |r 2025-01-20 |w 2019-11-19 |y BK |k TRA | ||